书目信息 |
| 题名: |
肥料中有害因子的检测方法及其土壤修复和迁移研究
|
|
| 作者: | 孙明星 , 张琳琳 , 沈国清 编著 | |
| 分册: | ||
| 出版信息: | 杭州 浙江大学出版社 2017 |
|
| 页数: | 159页 | |
| 开本: | 26cm | |
| 丛书名: | ||
| 单 册: | ||
| 中图分类: | S14 | |
| 科图分类: | ||
| 主题词: | 肥料--Fei Liao--有害物质--检验方法--研究 , 土壤改良--Tu Rang Gai Liang--研究 | |
| 电子资源: | ||
| ISBN: | 978-7-308-16484-9 | |
| 000 | 00933nam 2200277 450 | |
| 001 | 012001003535 | |
| 005 | 20140102110544.0 | |
| 010 | @a978-7-308-16484-9@dCNY49.00 | |
| 099 | @aCAL 012017117106 | |
| 100 | @a20170704d2017 ekmy0chiy50 ea | |
| 101 | 0 | @achi |
| 102 | @aCN@b330000 | |
| 105 | @aak a 000yy | |
| 106 | @ar | |
| 200 | 1 | @a肥料中有害因子的检测方法及其土壤修复和迁移研究@AFei Liao Zhong You Hai Yin Zi De Jian Ce Fang Fa Ji Qi Tu Rang Xiu Fu He Qian Yi Yan Jiu@f孙明星,张琳琳,沈国清编著 |
| 210 | @a杭州@c浙江大学出版社@d2017 | |
| 215 | @a159页@d26cm | |
| 320 | @a有书目(第153-159页) | |
| 606 | 0 | @a肥料@AFei Liao@x有害物质@x检验方法@x研究 |
| 606 | 0 | @a土壤改良@ATu Rang Gai Liang@x研究 |
| 690 | @aS14@v5 | |
| 701 | 0 | @a孙明星@ASun Ming Xing@4编著 |
| 701 | 0 | @a张琳琳@AZhang Lin Lin@4编著 |
| 701 | 0 | @a沈国清@AShen Guo Qing@4编著 |
| 801 | 0 | @aCN@b北京卓展@c20191020 |
| 905 | @b1212013-4@dS14@e117@f2 | |
| 肥料中有害因子的检测方法及其土壤修复和迁移研究/孙明星,张琳琳,沈国清编著.-杭州:浙江大学出版社,2017 |
| 159页;26cm |
| ISBN 978-7-308-16484-9:CNY49.00 |
| ● |
| 相关链接 |
|
|
|
|
正题名:肥料中有害因子的检测方法及其土壤修复和迁移研究
索取号:S14/117
 
预约/预借
| 序号 | 登录号 | 条形码 | 馆藏地/架位号 | 状态 | 备注 |
| 1 | 1212013 | 212120131 | 第二样本阅览室/ [索取号:S14/117] | 在馆 | |
| 2 | 1212014 | 212120140 | 第三借阅区/ [索取号:S14/117] | 在馆 |